000 01103cam a2200229 4500
001 ABS65805
008 020904n2002 000 0 eng u
035 _a(Sirsi) u119557
100 _aHoban, V.
245 4 _aThe urge to merge
260 _c2002
490 _aEstates Gazette
_v(0235) 31 August 2002, 81(2)
520 _aExamines the issues connected with corporate mergers which reached a new high in 2000. Notes that during the last two years the number has been affected by the global economic slowdown and several high profile mergers have failed to deliver such as AOL and Time Warner. Argues that mergers are sometimes driven by the wrong reasons by aggressive chief executives because they want to expand the company. Often key issues are neglected which can make the merger fail or the companies can get too absorbed in making sure that each side is equally represented.
590 _aABS
650 _aMERGERS
650 _aMERGER NEGOTIATIONS
650 _aECONOMIC ISSUES
650 _aAOL
650 _aTIME WARNER
690 _aMANAGEMENT-BUSINESS MANAGEMENT
942 _n0
999 _c71080
_d71080